000 00628nam a22002057a 4500
999 _c195300
_d195300
005 20230316153752.0
010 _aENG-136444
020 _c595.00
_a9789381113349
035 _aEN-119976
037 _bDBAD/PUB
082 _a342.540684
100 _aRamappa, T
245 _aProfessional Services :
_cBy T Ramappa
_bRights And Duties /
250 _aFirst
260 _bAsia Law House
_aHyderabad
_c2023
270 _aOpposite High Court Hyderabad 2
_bHyderabad
_k24526212
_masialaw@sify.com
300 _axiviii584p.
_c23cm(pbk)
700 _aRaghuram, G
_eForeword
942 _2ddc
_cEN
_h342.540684
_mRAM